| 000 | 00950nam a2200241 a 4500 | ||
|---|---|---|---|
| 001 | 84165 | ||
| 003 | BD-RjUL | ||
| 005 | 20241024122459.0 | ||
| 008 | 241024s2021 bg a|||| m||| 00| 0 eng d | ||
| 035 | _a(BD-RjUL)84165 | ||
| 040 |
_aBD-RjUL _beng _cBD-RjUL _dBD-RjUL |
||
| 041 | _aeng | ||
| 082 |
_223 _a616.157 _bBAP 2021 |
||
| 100 |
_aBanu, Mst. Shamima Akter _913932 |
||
| 245 | 1 | 0 |
_aPrevention and Management of Primary Post-Partum Hemorrhage : _bA Case Study at Rajshahi Medical College Hospital / _cBy Mst. Shamima Akter Banu ; _6Supervisor : Farzana Pervin |
| 260 |
_aRajshahi : _bInstitute of Biological Science, University of Rajshahi, _c2021 |
||
| 300 |
_avii, 62 Leaves : _bill, ; _c29 cm. |
||
| 502 | _aThesis (Ph. D.) -- Institute of Biological Science, University of Rajshahi, 2021 | ||
| 504 | _aReferences : Leaves 46-62 | ||
| 650 |
_aDiseases _vHemorrhage _913933 |
||
| 700 |
_aPervin, Farzana, Supervisor _913934 |
||
| 942 |
_2ddc _cTHE |
||
| 999 |
_c84165 _d84165 |
||